MARC

Tag First Indicator Second Indicator Subfields
LEADER 00000cam a22000001a 4500
001 in00003242016
005 20190403192331.0
006 m o d
007 cr un mmmapmmp
008 080514s1959 dcu o f000 0 eng d
035 |a cis2004260995 
040 |a UMI  |c UMI  |d UtOrBLW 
043 |a n-us--- 
099 |a ProQuest Serial Set Number 12164 H.rp.1127 
110 1 |a United States.  |b Congress.  |b House.  |b Committee on Interior and Insular Affairs. 
245 1 0 |a Certain lands for Everglades National Park. 
246 1 |a Authorize exchange of certain lands for Everglades National Park 
264 1 |a Washington :  |b [publisher not identified],  |c 1959. 
300 |a 1 online resource. 
336 |a text  |b txt  |2 rdacontent 
337 |a computer  |b c  |2 rdamedia 
338 |a online resource  |b cr  |2 rdacarrier 
490 0 |a H.rp.1127 
500 |a Record is based on bibliographic data in ProQuest U.S. Serial Set Digital Collection (last viewed May 2008). Reuse except for individual research requires license from ProQuest, LLC. 
510 3 |a ProQuest U.S. Serial Set Digital Collection 
500 |a Electronic resource. 
650 0 |a National parks and reserves. 
650 0 |a Public lands. 
651 0 |a Everglades National Park (Fla.) 
655 7 |a Electronic books.  |2 local 
710 2 |a ProQuest (Firm) 
830 0 |a United States congressional serial set. 
856 4 0 |u http://proxy.library.tamu.edu/login?url=http://congressional.proquest.com/congcomp/getdoc?SERIAL-SET-ID=12164+H.rp.1127  |z Connect to the full text of this electronic book  |t 0 
999 |a MARS 
999 f f |s 3d77ffa1-9704-38bf-a0b7-b4ce5f783639  |i 2c89cf4e-27b7-3bf5-b53b-e66d332b0342  |t 0 
952 f f |a Texas A&M University  |b College Station  |c Electronic Resources  |d Available Online  |t 0  |e ProQuest Serial Set Number 12164 H.rp.1127  |h Other scheme 
998 f f |a ProQuest Serial Set Number 12164 H.rp.1127  |t 0  |l Available Online